Gouvernements français de la Ve Republique - Statistiques

Statistiques générales
  • Ce quiz a été pris 113 fois
    81 depuis la dernière actualisation
  • Le résultat moyen est 18 sur 44
Statistiques - réponses
Président Mandat du gouvernement Fin 1er Ministre % Correct
Emmanuel Macron 2024- Démission Attal
98%
Emmanuel Macron 2020-2024 Démission Borne
94%
Emmanuel Macron 2020-2022 Démission Castex
80%
François Hollande 2016-2017 Démission Cazeneuve
57%
Nicolas Sarkozy 2007 Démission Fillon
49%
François Mitterrand 1993-1995 Démission Balladur
45%
Jacques Chirac 1997-2002 Démission Jospin
45%
François Mitterrand 1986-1988 Démission Chirac
41%
Nicolas Sarkozy 2007-2010 Démission Fillon II
41%
Nicolas Sarkozy 2010-2012 Démission Fillon III
41%
Emmanuel Macron 2017 Démission Philippe I
41%
Emmanuel Macron 2017-2020 Démission Philippe II
41%
François Hollande 2014 Démission Valls I
41%
François Hollande 2014-2016 Démission Valls II
41%
François Hollande 2012 Démission Ayrault I
39%
François Hollande 2012-2014 Démission Ayrault II
39%
François Mitterrand 1991-1992 Démission Cresson
39%
Charles de Gaulle 1959-1962 Motion de censure Debré
39%
François Mitterrand 1984-1986 Démission Fabius
39%
François Mitterrand 1992-1993 Démission Beregovoy
37%
François Mitterrand 1988 Démission Rocard
37%
Jacques Chirac 2005 -2007 Démission Villepin
37%
Georges Pompidou 1969-1972 Démission Chaban-Delmas
35%
Valéry Giscard d'Estaing 1974-1976 Démission Chirac
35%
Jacques Chirac 1995 Démission Juppé I
35%
Jacques Chirac 1995-1997 Démission Juppé II
35%
Jacques Chirac 2002 Démission Raffarin I
35%
Jacques Chirac 2002-2004 Démission Raffarin II
35%
Valéry Giscard d'Estaing 1976-1977 Démission Barre I
33%
Valéry Giscard d'Estaing 1977-1978 Démission Barre II
33%
Valéry Giscard d'Estaing 1978-1981 Démission Barre III
33%
François Mitterrand 1981 Démission Mauroy I
33%
François Mitterrand 1981-1983 Démission Mauroy II
33%
François Mitterrand 1983-1984 Démission Mauroy III
33%
Charles de Gaulle 1962 Démission Pompidou I
33%
Jacques Chirac 2004-2005 Démission Raffarin III
33%
Charles de Gaulle 1962-1966 Démission Pompidou II
31%
Charles de Gaulle 1966-1967 Démission Pompidou III
31%
Charles de Gaulle 1967-1968 Démission Pompidou IV
31%
Charles de Gaulle 1968-1969 Démission Couve de Murville
29%
Georges Pompidou 1972-1973 Démission Messmer I
29%
Georges Pompidou 1973-1974 Démission Messmer II
29%
Georges Pompidou 1974 Démission Messmer III
29%
François Mitterrand 1988-1991 Démission Rocard II
29%
Aucun quiz correspondant
Distribution des résultats
% des personnes avec chaque résultat
Percentile par nombre de réponses
Votre historique - résultats
Vous n’avez pas pris ce quiz depuis la dernière actualisation